¿Derecho del trabajo o derecho del empleo?: la nueva función de la legislación laboral y la reducción de los derechos en el trabajo/
Guardado en:
| Hovedforfatter: | |
|---|---|
| Format: | Bog |
| Sprog: | Spanish |
| Udgivet: |
Maracaibo, Venezuela:
CIELDA,
|
| Tags: |
Tilføj Tag
Ingen Tags, Vær først til at tagge denne postø!
|
MARC
| LEADER | 00000nam a22000007a 4500 | ||
|---|---|---|---|
| 003 | cru CIDCACS/IIS | ||
| 005 | 20181031144300.0 | ||
| 007 | ta | ||
| 008 | 181031s2004 ve |||p|r||||||0| ||spa|d | ||
| 999 | |c 41862 |d 41862 | ||
| 040 | |c cru CIDCACS/IIS | ||
| 100 | 1 | |9 7890 |a López, Diego | |
| 245 | 1 | 1 | |a ¿Derecho del trabajo o derecho del empleo?: |b la nueva función de la legislación laboral y la reducción de los derechos en el trabajo/ |c Diego López |
| 260 | |a Maracaibo, Venezuela: |b CIELDA, | ||
| 300 | |a páginas 21-43 | ||
| 942 | |2 ddc |c PP | ||
| 773 | 0 | |0 41861 |9 2359 |a Universidad del Zulia. |d Maracaibo, Venezuela: CIELDA, |o 18728 |t Gaceta Laboral/ |x 13158597 | |
